000
00237nam a2200097Ia 4500
001
1206409
005
20251013104934.0
008
250824s9999 xx 000 0 und d
245
0
_a
GELİBOLU
_c
BUKET UZUNER
260
_b
EVEREST YAYINLARI
999
_c
1206409
_d
1206409